000 00669nam a2200229 a 4500
999 _c878
_d878
001 878
003 BD-JhCC
005 20210929134019.0
008 171010s2009 b ||||| |||| 00| 0 be d
020 _a9789844018259
035 _a(BD-JhCC)878
040 _aBD-JhCC
_dBD-JhCC
041 _aben
082 _223
_a891.4435
_bAZA 2009
100 _aআজাদ,হুমায়ুন
245 _aকিশোরসমগ্র /
_cহুমায়ুন আজাদ.
260 _aঢাকা ,
_bআগামী প্রকাশনী ,
_c২০০৯
300 _a534p. ;
_c22cm.
650 _aStories ,Bangali
942 _2ddc
_cBK
_05